| 000 | 00381nam a2200157 4500 | ||
|---|---|---|---|
| 005 | 20250625185714.0 | ||
| 008 | CU123 | ||
| 020 | _a9780412639203 | ||
| 050 |
_aHD2741 INT _b1 |
||
| 100 | _aInternational business press | ||
| 245 | _aThe international handbook of corporate governance | ||
| 260 |
_aLondon _bThomson _c1996c |
||
| 300 | _a278p | ||
| 700 | _aNEXIA | ||
| 942 |
_2lcc _cBK _n0 |
||
| 999 |
_c6692 _d6692 |
||